Empirical research of users' opinions on selected aspects in internet financial reporting
Internetové finančné výkazníctvo (IFV) ako rýchle, atraktívne a ako štandard v rozvinutých krajinách. Málo pozornosti venovanej tomuto javu v rozvojových krajinách. Používanie internetu v posledných rokoch rozšírené na šírenie podnikových informácií a vnímané ako proces globalizácie. Vnímanie IFV v...
Guardado en:
| Autor principal: | |
|---|---|
| Otros Autores: | , , , |
| Formato: | Capítulo de libro |
| Lenguaje: | inglés |
| Materias: | |
| Etiquetas: |
Sin Etiquetas, Sea el primero en etiquetar este registro!
|
MARC
| LEADER | 00000naa a2200000 4500 | ||
|---|---|---|---|
| 001 | 0234410 | ||
| 005 | 20220719115445.5 | ||
| 041 | 0 | |a eng | |
| 044 | |a CZ | ||
| 245 | 1 | 0 | |a Empirical research of users' opinions on selected aspects in internet financial reporting |c Mohd Noor Azli Ali Khan, Noor Azizi Ismail, Abbas Mardani, Edmundas Kazimieras Zavadskas, Arturas Kaklauskas |
| 520 | |a Internetové finančné výkazníctvo (IFV) ako rýchle, atraktívne a ako štandard v rozvinutých krajinách. Málo pozornosti venovanej tomuto javu v rozvojových krajinách. Používanie internetu v posledných rokoch rozšírené na šírenie podnikových informácií a vnímané ako proces globalizácie. Vnímanie IFV v Malajzii prostredníctvom používateľov podnikových výročných správ na základe rôznych aspektov IFV. | ||
| 610 | 2 | 0 | |a výkazníctvo finančné |
| 610 | 2 | 0 | |a internet |
| 610 | 2 | 0 | |a krajiny rozvojové |
| 610 | 2 | 0 | |a účtovníctvo |
| 610 | 2 | 0 | |a globalizácia |
| 610 | 2 | 0 | |a Malajzia |
| 610 | 2 | 0 | |a správy výročné |
| 610 | 2 | 0 | |a podnik |
| 100 | 1 | |a Khan, Mohd Noor Azli Ali | |
| 700 | 1 | |a Ismail, Noor Azizi | |
| 700 | 1 | |a Mardani, Abbas | |
| 700 | 1 | |a Kazimieras Zavadskas, Edmundas | |
| 700 | 1 | |a Kaklauskas, Arturas | |